000 00483nam a2200169Ia 4500
005 20250508155528.0
008 008 250505s9999 xx 000 0 eng d
037 _aBooks to be hide in OPAC
040 _aFEDL
_beng
_cFEDL
041 _aeng
_2eng
084 _a371.2, INT/O
_qFEDL
245 0 _aBooklet
260 _aParis, France
_bThe International Institute for Educational Planning
300 _a28p.
942 _cHB
_h371.2, INT/O
999 _c1357457
_d1357457